[Event "Mittelfrank Regionalliga Nord-Ost 2223"]
[Site "Mittelfranken"]
[Date "2023.03.05"]
[Round "7.7"]
[White "Wallisch, Christoph"]
[Black "Zuehlke, Burkhard"]
[Result "0-1"]
[WhiteElo "1913"]
[BlackElo "1917"]
[PlyCount "68"]
[EventDate "2022.10.09"]
[EventType "team-tourn"]
[EventRounds "9"]
[EventCountry "GER"]
[SourceTitle "EXT 2024"]
[Source "ChessBase"]
[SourceDate "2023.10.10"]
[SourceVersion "1"]
[SourceVersionDate "2023.10.10"]
[SourceQuality "1"]
[WhiteTeam "Forchheim SC"]
[BlackTeam "Fuerth SG"]
[WhiteTeamCountry "GER"]
[BlackTeamCountry "GER"]

1. e4 d6 2. Bc4 Nf6 3. d3 g6 4. Nc3 Bg7 5. f4 0-0 6. Nge2 c6 7. Be3 d5 8. Bb3 Ng4 9. Bg1 d4 10. Nb1 e5 11. g3 exf4 12. Nxf4 Ne5 13. h3 Na6 14. Nd2 Nc5 15. Qe2 Nxb3 16. Nxb3 c5 17. 0-0-0 b6 18. Kb1 a5 19. Nd2 Bb7 20. Bh2 Qd7 21. g4 Rfe8 22. Rhg1 b5 23. g5 Rac8 24. Nf3 Nxf3 25. Qxf3 c4 26. h4 c3 27. b3 Qe7 28. Ka1 a4 29. b4 Qxb4 30. Rb1 Qc5 31. h5 b4 32. hxg6 hxg6 33. Nd5 Bxd5 34. exd5 b3 0-1

[Event "Landesliga Nord 1819"]
[Site "Bayern"]
[Date "2019.04.07"]
[Round "9.7"]
[White "Riemer, Ralf"]
[Black "Wallisch, Christoph"]
[Result "1/2-1/2"]
[WhiteElo "2084"]
[BlackElo "1874"]
[PlyCount "34"]
[EventDate "2018.10.21"]
[EventType "team-tourn"]
[EventRounds "9"]
[EventCountry "GER"]
[SourceTitle "EXT 2022"]
[Source "ChessBase"]
[SourceDate "2021.10.06"]
[SourceVersion "1"]
[SourceVersionDate "2021.10.06"]
[SourceQuality "1"]
[WhiteTeam "Bamberg SC"]
[BlackTeam "Forchheim SC"]
[WhiteTeamCountry "GER"]
[BlackTeamCountry "GER"]

1. Nf3 Nf6 2. c4 c5 3. g3 Nc6 4. Bg2 d5 5. cxd5 Nxd5 6. Nc3 Nc7 7. b3 e5 8. Ba3 Bd7 9. Rc1 Rc8 10. 0-0 Be7 11. e3 0-0 12. d4 cxd4 13. Bxe7 Qxe7 14. exd4 exd4 15. Nxd4 Qf6 16. Ndb5 Nxb5 17. Nxb5 Rcd8 1/2-1/2